[Event "Titled Tuesday intern op 06th Sep Late"]
[Site "Chess.com INT"]
[Date "2022.09.06"]
[Round "2"]
[White "Nazari, Arad"]
[Black "Xie, Luke"]
[Result "1-0"]
[WhiteElo "2410"]
[BlackElo "1977"]
[PlyCount "81"]
[EventDate "2022.09.06"]
[EventType "swiss (blitz)"]
[EventRounds "11"]
[EventCountry "USA"]
[SourceTitle "EXT 2023"]
[Source "ChessBase"]
[SourceDate "2022.10.05"]
[SourceVersion "1"]
[SourceVersionDate "2022.10.05"]
[SourceQuality "1"]

1. e4 c5 2. Nf3 d6 3. Bb5+ Nd7 4. d4 cxd4 5. Qxd4 a6 6. Bxd7+ Bxd7 7. 0-0 e5 8. Qd3 h6 9. c4 b5 10. Nfd2 Nf6 11. Nc3 Qb6 12. b3 Be7 13. a4 b4 14. Nd5 Nxd5 15. cxd5 a5 16. Nc4 Qb8 17. Be3 Bd8 18. f4 0-0 19. fxe5 dxe5 20. Bc5 Re8 21. Bd6 Qa7+ 22. Kh1 Bc7 23. Bxc7 Qxc7 24. Rac1 Rac8 25. Qg3 f6 26. Rxf6 Qc5 27. Rxh6 Qd4 28. Rg6 Re7 29. Re1 Bxa4 30. Nd6 Rc3 31. Qh4 Qd2 32. Rg1 Rc1 33. h3 Rec7 34. Nf5 Rxg1+ 35. Kxg1 Rc1+ 36. Kh2 Qf4+ 37. Qxf4 exf4 38. Rxg7+ Kf8 39. bxa4 b3 40. Rb7 Rc2 41. Rxb3 1-0

[Event "Titled Tuesday intern op 09th Aug Late"]
[Site "Chess.com INT"]
[Date "2022.08.09"]
[Round "9"]
[White "Ladan, Nicholas John"]
[Black "Xie, Luke"]
[Result "0-1"]
[WhiteElo "2149"]
[BlackElo "1977"]
[PlyCount "64"]
[EventDate "2022.08.09"]
[EventType "swiss (blitz)"]
[EventRounds "11"]
[EventCountry "USA"]
[SourceTitle "EXT 2023"]
[Source "ChessBase"]
[SourceDate "2022.10.05"]
[SourceVersion "1"]
[SourceVersionDate "2022.10.05"]
[SourceQuality "1"]

1. Nf3 d5 2. g3 Nf6 3. Bg2 c6 4. 0-0 Bg4 5. h3 Bxf3 6. exf3 Nbd7 7. f4 e6 8. d4 Bd6 9. Nd2 c5 10. c3 cxd4 11. cxd4 Qb6 12. Nf3 Rc8 13. Re1 0-0 14. Ne5 Rfd8 15. Qd3 Bb4 16. Rd1 Nb8 17. a3 Bd6 18. b4 a5 19. b5 Nfd7 20. a4 f6 21. Ng4 f5 22. Ne3 Nf6 23. Bb2 Ne4 24. f3 Nxg3 25. Re1 Nh5 26. Bf1 Nxf4 27. Qb3 Qc7 28. Rac1 Qe7 29. Rxc8 Rxc8 30. Kh1 Qh4 31. Qd1 Nxh3 32. Kg2 Qg3+ 0-1

[Event "Titled Tuesday intern op 09th Aug Late"]
[Site "Chess.com INT"]
[Date "2022.08.09"]
[Round "4"]
[White "Reprintsev, Alexander"]
[Black "Xie, Luke"]
[Result "1-0"]
[WhiteElo "2350"]
[BlackElo "1977"]
[PlyCount "77"]
[EventDate "2022.08.09"]
[EventType "swiss (blitz)"]
[EventRounds "11"]
[EventCountry "USA"]
[SourceTitle "EXT 2023"]
[Source "ChessBase"]
[SourceDate "2022.10.05"]
[SourceVersion "1"]
[SourceVersionDate "2022.10.05"]
[SourceQuality "1"]

1. e4 c5 2. b3 Nc6 3. Bb2 e5 4. f4 exf4 5. Qf3 d5 6. exd5 Nb4 7. Na3 Nf6 8. c4 Bd6 9. 0-0-0 0-0 10. Be2 Bf5 11. d3 Nxa2+ 12. Kb1 Nb4 13. Nh3 Re8 14. Rhe1 Re3 15. Qf2 Bxd3+ 16. Bxd3 Nxd3 17. Rxd3 Rxd3 18. Nxf4 Rxb3 19. Ka2 Rb4 20. Nd3 Ra4 21. Kb3 b5 22. Nxb5 Ra6 23. Bxf6 Qxf6 24. Qxf6 gxf6 25. Nxd6 Rxd6 26. Nxc5 Rc8 27. Ne4 Rb6+ 28. Kc3 f5 29. Ng3 Rd6 30. Kd4 a6 31. Nxf5 Rg6 32. Ne7+ Kf8 33. Nxc8 Rxg2 34. d6 Rxh2 35. Kc5 Rd2 36. Kc6 f6 37. c5 f5 38. d7 f4 39. Nd6 1-0

[Event "Titled Tuesday intern op 09th Aug Late"]
[Site "Chess.com INT"]
[Date "2022.08.09"]
[Round "7"]
[White "Yanayt, Eugene"]
[Black "Xie, Luke"]
[Result "0-1"]
[WhiteElo "2012"]
[BlackElo "1977"]
[PlyCount "126"]
[EventDate "2022.08.09"]
[EventType "swiss (blitz)"]
[EventRounds "11"]
[EventCountry "USA"]
[SourceTitle "EXT 2023"]
[Source "ChessBase"]
[SourceDate "2022.10.05"]
[SourceVersion "1"]
[SourceVersionDate "2022.10.05"]
[SourceQuality "1"]

1. Nf3 d5 2. c4 c6 3. g3 Nf6 4. Bg2 Bg4 5. 0-0 Nbd7 6. h3 Bxf3 7. Bxf3 e6 8. d4 Bd6 9. Qd3 0-0 10. Nc3 Qa5 11. e4 dxe4 12. Nxe4 Nxe4 13. Bxe4 Nf6 14. Bg2 Rfd8 15. Bd2 Bb4 16. Bf4 e5 17. Be3 exd4 18. Bf4 Bf8 19. a3 g6 20. b4 Qf5 21. Qxf5 gxf5 22. Rad1 a5 23. b5 Bxa3 24. bxc6 bxc6 25. Bxc6 Ra6 26. Bb5 Re6 27. Rd3 Bb4 28. Rfd1 Bc5 29. Be3 Red6 30. Bf4 Re6 31. Bc7 Ra8 32. Ba4 Ne4 33. Ra1 Nc3 34. Bb5 a4 35. Bf4 a3 36. Bd2 Ne2+ 37. Kf1 a2 38. Bd7 Re7 39. Bxf5 Nc3 40. Bxc3 dxc3 41. Rd5 Bb4 42. Bc2 Rb7 43. Bb3 c2 44. Bxc2 Bc3 45. Rg5+ Kf8 46. Bxh7 Bxa1 47. Rg8+ Ke7 48. Rxa8 Rb2 49. c5 Rd2 50. c6 Be5 51. Ke1 Rb2 52. Ra5 Rb1+ 53. Kd2 a1Q 54. Rxa1 Rxa1 55. f4 Bc7 56. Kd3 Ra3+ 57. Ke4 Rxg3 58. Bf5 Rg1 59. h4 Rf1 60. h5 Rxf4+ 61. Ke3 Rxf5 62. h6 Rh5 63. h7 Rxh7 0-1

[Event "Titled Tuesday intern op 21st April"]
[Site "Chess.com INT"]
[Date "2020.04.21"]
[Round "3"]
[White "Xie, Luke"]
[Black "Baklan, Vladimir"]
[Result "1-0"]
[WhiteElo "1977"]
[BlackElo "2587"]
[PlyCount "109"]
[EventDate "2020.04.21"]
[EventType "swiss (blitz)"]
[EventRounds "10"]
[EventCountry "USA"]
[SourceTitle "EXT 2021"]
[Source "ChessBase"]
[SourceDate "2020.10.23"]
[SourceVersion "1"]
[SourceVersionDate "2020.10.23"]
[SourceQuality "1"]

1. e4 c5 2. Nf3 Nc6 3. d4 cxd4 4. Nxd4 Nf6 5. Nc3 d6 6. Bg5 e6 7. Qd2 a6 8. 0-0-0 Bd7 9. f4 Be7 10. Kb1 b5 11. Bxf6 Bxf6 12. Nxc6 Bxc6 13. Qxd6 Qxd6 14. Rxd6 Rc8 15. e5 Be7 16. Rd1 0-0 17. Ne2 Rfd8 18. Nd4 Be4 19. Be2 Bxg2 20. Rhg1 Be4 21. Bf3 Rxd4 22. Rxd4 Bxf3 23. Rd7 Kf8 24. Rg3 Be4 25. Rc3 Rxc3 26. bxc3 a5 27. Ra7 Bd8 28. Kc1 Bd5 29. a3 g5 30. fxg5 Bxg5+ 31. Kd1 a4 32. Ra5 Bc4 33. Ra8+ Kg7 34. Rc8 Bc1 35. Kxc1 f5 36. Kd2 Kg6 37. Ke3 Kg5 38. Rg8+ Kh4 39. Kf4 Kh3 40. Rg7 h5 41. Rg5 h4 42. Rh5 Bd5 43. Rh8 Bc4 44. Kg5 Kxh2 45. Rxh4+ Kg3 46. Rf4 Bd5 47. Rd4 Bc4 48. Rh4 Bd5 49. Rf4 Bc4 50. Rd4 Bd5 51. Rxd5 exd5 52. Kxf5 Kf3 53. e6 Ke3 54. e7 Kd2 55. e8Q 1-0